Sanat - ”Kesäkaverit” - PMMP - Statistics

General Stats
  • This quiz has been taken 33 times
  • The average score is 148 of 243
Answer Stats
Answer % Correct
on
100%
On
100%
se
100%
Ja
91%
ja
91%
Jo
91%
kun
91%
Kun
91%
Sellainen
91%
sellainen
91%
Me
86%
Ole
86%
ole
86%
siinä
86%
Sinä
86%
sinä
86%
En
82%
kesäkaverii
82%
Monta
82%
muista
82%
sanoa
82%
silloin
82%
sukunimiä
82%
teidän
82%
ystävä
82%
ei
77%
kepeämpi
77%
kivaa
77%
lähellä
77%
olla
77%
päivä
77%
Voiko
77%
edes
73%
jälkeen
73%
laiska
73%
mennä
73%
minä
73%
olet
73%
ota
73%
Ota
73%
Jopa
68%
kädestä
68%
minua
68%
mua
68%
pari
68%
stadikka
68%
viheltää
68%
ymmärrät
68%
aukee
64%
heinäkuu
64%
iltaa
64%
kii
64%
noi
64%
olen
64%
Olen
64%
ollaan
64%
viitsi
64%
aikaisin
59%
alla
59%
bokserit
59%
jalassa
59%
jos
59%
kieltäytyy
59%
mitä
59%
Mitä
59%
nuori
59%
pääsivät
59%
puoli
59%
seiskalta
59%
Tulee
59%
tulee
59%
uimassa
59%
uinnin
59%
vaan
59%
venymään
59%
vuoden
59%
ainut
55%
alku
55%
hotelliin
55%
Jonka
55%
kova
55%
montako
55%
nälkä
55%
Nyt
55%
Tällaista
55%
täytyy
55%
tutimaan
55%
vahingossa
55%
viiskytviisi
55%
aamuun
50%
ehkä
50%
Et
50%
halvinta
50%
illassa
50%
Kannattaa
50%
kantisjuhlat
50%
kuivin
50%
kumota
50%
Lostarin
50%
mut
50%
Niin
50%
pahan
50%
pullo
50%
pyydän
50%
suuri
50%
taksilla
50%
terassii
50%
Tuokaa
50%
yhdessä
50%
asti
45%
dokataan
45%
fisua
45%
Höh
45%
hyvää
45%
ideaa
45%
kiinni
45%
Koluttu
45%
luvatta
45%
miljoona
45%
otan
45%
pelti
45%
väki
45%
veneessä
45%
auringossa
41%
dokua
41%
Hiltonissa
41%
ihan
41%
kaikki
41%
Meri
41%
päätämme
41%
paheksuu
41%
pekonii
41%
uutta
41%
väreilee
41%
huomenna
36%
hupina
36%
ikinä
36%
kävelee
36%
kokeiltu
36%
noin
36%
ohi
36%
reppuselässä
36%
unohtaa
36%
vakava
36%
vittu
36%
Antony
32%
Ilman
32%
Kerrankin
32%
Kiireettömät
32%
huolta
27%
kaiken
27%
kohua
27%
kuumin
27%
laiturin
27%
Mennään
27%
Muistanko
27%
nokassa
27%
pidä
27%
syntynyt
27%
Älä
23%
halki
23%
Laulamme
23%
myöhemmin?
23%
viiskytviisi
23%
irti
18%
jostain
18%
Ostan
18%
päästä
18%
paidan
18%
päivät
18%
pilaa
18%
Punaviini
18%
puseron
18%
uuden
18%
kaupungille
14%
No matching quizzes found
Score Distribution
Percent of People with Each Score
Percentile by Number Answered
Your Score History
You have not taken this quiz